Normal view
MARC view
Entry Personal Name
001 - CONTROL NUMBER
- control field: 51271
003 - CONTROL NUMBER IDENTIFIER
- control field: ARRUPE
005 - DATE AND TIME OF LATEST TRANSACTION
- control field: 20220407093623.0
008 - FIXED-LENGTH DATA ELEMENTS
- fixed length control field: 220407|| aca||aabn | a|a d
040 ## - CATALOGING SOURCE
- Original cataloging agency: ARRUPE
- Transcribing agency: ARRUPE
100 ## - HEADING--PERSONAL NAME
- Personal name: Godfrey-Smith, Peter
670 ## - SOURCE DATA FOUND
- Source citation: Work cat.: (ARRUPE)131277: Godfrey-Smith, Peter., Theory and reality :, 2003.